Rob's General Knowledge - Multiple Choice #9 - Statistics

General Stats
  • This quiz has been taken 21 times
  • The average score is 9 of 20
Answer Stats
Question Answer % Correct
Which of the following names is palindromic? Bob
83%
Which is the second-oldest university in the United Kingdom? Cambridge University
83%
Which of the following cities was NOT one of the settings of the crime drama series 'CSI'? Atlanta
67%
Onomastics is the study of what? Names
67%
The board game Reversi is alternatively name after which Shakespearean character? Othello
67%
Which 'vocation' is sometimes known as the "world's oldest profession"? Prostitution
67%
A 'flamboyance' is the collective term for which type of bird? Flamingo
50%
Since 2016, Sadiq Khan has served as mayor of which city? London
50%
For what did O.J. Simpson's initials stand? Orenthal James
50%
Nicki Minaj is from which Caribbean country? Trinidad & Tobago
50%
Who was born William Jefferson Blythe on August 19, 1946? Bill Clinton
33%
Cherenkov radiation causes particles to glow what colour? Blue
33%
Which constructor has the greatest number of Formula One wins? Ferrari
33%
The European Space Agency's rocket launch site is located in which French overseas territory? French Guiana
33%
Which of the following islands is NOT controlled by Japan? Molokai
33%
"This statement is false" Paradox
33%
Which is the most populous Canary Island? Tenerife
33%
Christmas Island is an overseas territory of which country? Australia
17%
What is the most common surname in Ireland? Murphy
17%
Between 1933 and 1941, which high-ranking Nazi served as Adolf Hitler's deputy? Rudolph Hess
0%
No matching quizzes found
Score Distribution
Percent of People with Each Score
Percentile by Number Answered
Your Score History
You have not taken this quiz